000 00846cab a2200253 4500
001 ABS39258
008 090401t1988 xxu||||| |||| 00| 0 eng d
035 _a(Sirsi) u15494
041 _aeng
100 _aConnolly, J.
245 _aTax relief for rent
260 _c1988
350 _a0
490 _aHousing
_v24(4) May 1988, 21-25(3)
520 _aOutlines the possibilities and the pitfalls for Business Expansion Scheme companies considering investing in private rented housing . Explains the background to the scheme before examining the effect it could have on the provision of new rented homes.
650 _aASSURED TENANCIES
650 _aHOUSING BILL
650 _aHOUSING
650 _aINVESTMENT
650 _aNATIONAL FEDERATION OF HOUSING ASSOCIATIONS
690 _aTAXATION
942 _n0
948 _c04/03/1997
999 _c10168
_d10168